Darcovstvo, sponzoring a reklama

Darcovstvo, darovacia zmluva. Sponzorstvo býva stotožňované s dobročinnými cieľmi, často až s charitou. Sponzoring je však predovšetkým propagáciou sponzora. Sponzorská zmluva. Základný rozdiel medzi reklamou a sponzorstvom. Darcovstvo, sponzoring, reklama a daň z príjmov.

Na minha lista:
Detalhes bibliográficos
Autor principal: Kováčiková, Eva
Formato: Capítulo de Livro
Idioma:eslovaco
Assuntos:
Tags: Adicionar Tag
Sem tags, seja o primeiro a adicionar uma tag!

MARC

LEADER 00000naa a2200000 4500
001 0161958
005 20231120123902.3
041 0 |a slo 
044 |a SK 
245 1 0 |a Darcovstvo, sponzoring a reklama  |c Eva Kováčiková 
520 |a Darcovstvo, darovacia zmluva. Sponzorstvo býva stotožňované s dobročinnými cieľmi, často až s charitou. Sponzoring je však predovšetkým propagáciou sponzora. Sponzorská zmluva. Základný rozdiel medzi reklamou a sponzorstvom. Darcovstvo, sponzoring, reklama a daň z príjmov. 
610 2 0 |a dary 
610 2 0 |a sponzorovanie 
610 2 0 |a reklama 
610 2 0 |a pojmy 
610 2 0 |a úpravy právne 
610 2 0 |a dane z príjmov 
100 1 |a Kováčiková, Eva